00394 2200169 4500245004200000020002200042250001100064100001300075700001500088650001700103005001900120260003100139041001400170084000800184300002300192336000900215 aBad Girl in PesantrencIntan ZShText a978-602-5508-15-8 aCet. 1 aIntan ZS aUly Amalia aNovel Remaja a20230908150748 aDepokbBintang Mediac2018 aIndonesia a813 a224 hlm. :c19 cm. atext